00766nam a2200181Ia 4500008004000000020001800040082001600058100002500074245006700099250000500166260004700171300001300218650014700231690001400378906001000392999001900402952016300421210210b2001 xxu||||| |||| 00| 0 eng d a0 07 112329 6 a302.23 DOMD aDOMINICK (Joseph R). aDynamics of mass communication media in the digital age. Ed 7. a aBoston.bMcGraw-Hill Publishing Co.,c2001 axiii,528 aMass Communication Media Digital Print Magazines Publishers Book Electronic Sound Recording Motion Pictures Cinema Television Internet Ethic aJournalis a05762 c105068d105068 001040738SociologyaALbALcSociologyd2021-02-17eHigginbothams (P) Ltd., Mangalore-01.g0.00l0o302.23 DOMDp057626r2021-02-17 00:00:00w2021-02-17yBK